Statistics for International Destinations of TWA

Click here to take the quiz!

General Stats

  • This quiz has been taken 58 times
    (54 since last reset)
  • The average score is 34 of 69

Answer Stats

Answer% Correct
London
100%
Paris
98%
Rome
93%
Madrid
90%
Mexico City
90%
Amsterdam
88%
Moscow
88%
Stockholm
85%
Oslo
83%
Toronto
83%
Berlin
80%
Cairo
80%
Copenhagen
80%
Dublin
80%
Lisbon
80%
Istanbul
78%
Milan
78%
Munich
78%
Zurich
78%
Athens
75%
Barcelona
75%
Frankfurt
75%
Brussels
73%
Vancouver
73%
Hong Kong
65%
Cancun
63%
Vienna
63%
Geneva
60%
Hamburg
60%
Nice
60%
Tel Aviv
55%
Casablanca
53%
Manila
50%
Mumbai
50%
Nassau
50%
Algiers
48%
Taipei
48%
Bangkok
45%
Riyadh
43%
Santo Domingo
43%
Shannon
40%
Tunis
40%
Punta Cana
35%
Kuwait
33%
Manama
33%
Montego Bay
33%
Malaga
30%
Nairobi
30%
Stuttgart
30%
Tripoli
28%
Bermuda
25%
Puerto Vallarta
23%
Aruba
20%
Colombo
20%
Cozumel
18%
Puerto Plata
18%
Saint Martin
18%
Dar Es Salaam
15%
Dhahran
15%
Freeport
15%
Gander
15%
Ixtapa/Zihuatanejo
15%
Providenciales
15%
Antigua
13%
Entebbe
13%
Naha
10%
Santa Maria
10%
Terceira
10%
Basra
5%

Score Distribution

Percentile by Number Answered

Percent of People with Each Score

Your Score History

You have not taken this quiz since the last reset